|
|
|
|
| LEADER |
01059nam a2200325 a 4500 |
| 001 |
000977111 |
| 003 |
CZ BrMZK |
| 005 |
20091211091523.0 |
| 007 |
ta |
| 008 |
091111s1995 xr ac e f 000 1dcze |
| 020 |
|
|
|q (Brož.)
|
| 040 |
|
|
|a BOA001
|b cze
|
| 043 |
|
|
|a e-xr---
|b e-xr-vy
|2 czenas
|
| 080 |
|
|
|a 908(437.324)
|2 MRF
|
| 080 |
|
|
|a (0:82-992)
|2 MRF
|
| 080 |
|
|
|a (036)
|2 MRF
|
| 100 |
1 |
|
|a Jurman, Hynek,
|d 1956-
|7 ola200203746
|4 aut
|
| 245 |
1 |
0 |
|a Jak jsem vstoupil do kláštera /
|c H. Jurman
|
| 260 |
|
|
|a Štěpánov [n. Svr.] :
|b Hynek Jurman,
|c 1995
|
| 300 |
|
|
|a 32 s. :
|b il., portréty ;
|c 22 cm
|
| 490 |
1 |
|
|a Ozvěny Vysočiny ;
|v 12
|
| 500 |
|
|
|a Název z obálky
|
| 655 |
|
7 |
|a cestopisy
|7 fd131956
|2 czenas
|
| 655 |
|
7 |
|a informační publikace
|7 fd132454
|2 czenas
|
| 651 |
|
7 |
|a Kraj Vysočina (Česko : 2000-)
|7 ge138178
|x vlastivěda
|2 czenas
|
| 830 |
|
0 |
|a Ozvěny Vysočiny
|
| 910 |
2 |
|
|a BOA001
|b 2-1233.162
|
| 990 |
|
|
|a BK
|
| 991 |
|
|
|b 200912
|
| 996 |
6 |
|
|b 2610396219
|c 2-1233.162
|l MZK
|r Sklad / do 1 hodiny
|n 0
|p p.v.
|w 000977111
|u 000010
|a 1
|e BOA001
|j MZK50
|s P
|